LEADER 01496nam 2200469 450 001 9910159537503321 005 20230803035416.0 010 $a1-62387-411-4 035 $a(CKB)3710000000264894 035 $a(EBL)1817202 035 $a(SSID)ssj0001399615 035 $a(PQKBManifestationID)11867892 035 $a(PQKBTitleCode)TC0001399615 035 $a(PQKBWorkID)11452028 035 $a(PQKB)10996348 035 $a(MiAaPQ)EBC1817202 035 $a(EXLCZ)993710000000264894 100 $a20141031h20132013 uy 0 101 0 $aeng 135 $aur|n|---||||| 181 $ctxt 182 $cc 183 $acr 200 10$aAprendendo a pensar sobre raiva $euma histo?ria sobre raiva /$fSalem de Bezenac 210 1$a[Paris, France] :$c[iCharacter.org],$d[2013] 210 4$dİ[2013] 215 $a1 online resource (32 p.) 300 $aDescription based upon print version of record. 330 $a Feeling angry is normal, but Rita gives us an example of how she learned to handle that emotion appropriately. Suggested for ages 6 and younger. 606 $aAnger$vJuvenile literature 606 $aAnger$xMoral and ethical aspects 615 0$aAnger 615 0$aAnger$xMoral and ethical aspects. 676 $a152.47 700 $aBezenac$b Salem de$01076923 801 0$bMiAaPQ 801 1$bMiAaPQ 801 2$bMiAaPQ 906 $aBOOK 912 $a9910159537503321 996 $aAprendendo a pensar sobre raiva$93416360 997 $aUNINA LEADER 01317nam0 22003011i 450 001 UON00476975 005 20231205105232.309 100 $a20170523d1983 |0itac50 ba 101 $aita 102 $aIT 105 $a|||| ||||| 200 1 $aAspetti dell'agiografia nell'alto Medioevo$etesti del 2. Colloquio medievale$ePalermo, 20-21 marzo 1983$fS. Boesch Gajano ... [et al.] 205 $aPalermo : Officina di Studi Medievali$b1983 210 $a pp. 303-382 [79]$a24 cm 215 $a(Scrinium$cquaderni ed estratti di schede Medievali$d4) 316 $avalore stimato$5IT-UONSI Fil.GI/244 410 1$1001UON00157596$12001 $aScrinium$equaderni ed estratti di Schede Medievali$v4 606 $aAgiografia$3UONC018686$2FI 620 $aIT$dPalermo$3UONL000273 702 1$aBOESCH GAJANO$bSofia$3UONV081383 712 $aOfficina di Studi Medievali$3UONV270927$4650 801 $aIT$bSOL$c20250613$gRICA 899 $aSIBA - SISTEMA BIBLIOTECARIO DI ATENEO$2UONSI 912 $aUON00476975 950 $aSIBA - SISTEMA BIBLIOTECARIO DI ATENEO$dSI Fil.G I 244 $eSI LO 45480 5 244 valore stimato 966 $aSanti$yAgiografia$3UONC018687 996 $aAspetti dell'agiografia nell'alto Medioevo$91472613 997 $aUNIOR